00641 2200193 4500001002100000005001500021035002000036007000300056008003900059082000700098084001300105100002800118245019200146250001000338260004600348300002600394600001200420990001500432INLIS00000000000988320260414083136 a0010-0426000225ta260414 | | |  a42 a42 RR. p0 aRr. ELVIANA SHINTA DEWI1 aPERAN GURU PENDIDIKAN AGAMA ISLAM (PAI) DALAM MEMBIMBING PENGAMALAN NILAI ISLAM PADA SISWA SEKOLAH MENENGAH PERTAMA ISLAM TERPADU (SMPIT) AL-MANAR PANGKALAN BUN /cRr. ELVIANA SHINTA DEWI aCet 1 aPalangka Raya :bPerpustakaan UMPR,c2025 axxi, 769 hlm :bilus. 4aSKRIPSI a2442130438